Biggest Asian cities in 10° rectangles, on an empty map - Statistics

General Stats
  • This quiz has been taken 39 times
    22 since last reset
  • The average score is 42 of 68
Answers on the Map
Answers color-coded by a green-red scale on the quiz's map according to % correct below.
 
Answer Stats
Pop City % Correct
21.2 M Beijing
100%
34.6 M Delhi
100%
5.95 M Dubai
100%
5.05 M Kabul
100%
20.9 M Karachi
100%
17.7 M Kolkata
100%
14.5 M Lahore
100%
7.50 M Riyadh
100%
16.5 M Tehran
100%
41.0 M Tokyo
100%
2.62 M Almaty
95%
7.65 M Baghdad
95%
21.2 M Bangkok
95%
70.1 M Guangzhou
95%
29.2 M Jakarta
95%
27.2 M Manila
95%
3.17 M Sanaa
95%
40.8 M Shanghai
95%
9.95 M Taipei
95%
4.85 M Ürümqi
95%
6.15 M Yangon
95%
3.67 M Baku
90%
12.6 M Chennai
90%
9.30 M Kuala Lumpur
90%
27.1 M Mumbai
90%
2.50 M Sapporo
90%
1.53 M Astana
85%
10.9 M Chongqing
85%
22.5 M Dhaka
85%
5.90 M Surabaya
85%
3.77 M Tashkent
85%
4.92 M Colombo
80%
3.92 M Jeddah
80%
17.3 M Chengdu
75%
1.86 M Novosibirsk
75%
1.68 M Davao
70%
4.20 M Medan
70%
1.86 M Yekaterinburg
70%
1.51 M Sendai
65%
617 k Irkutsk
60%
8.70 M Shenyang
60%
2.72 M Hohhot
50%
355 k Yakutsk
50%
1.29 M Krasnoyarsk
45%
334 k Chita
40%
13.2 k Anadyr
35%
164 k Petropavlovsk
35%
293 k Salalah
35%
174 k Norilsk
30%
238 k Komsomolsk
25%
511 k Kuching
25%
241 k Blagoveshchensk
20%
315 k Kupang
20%
305 k Ambon
15%
2.17 M Baotou
15%
626 k Jixi
15%
107 k Khanty-Mansiysk
15%
34.0 k Mirny
15%
334 k Nukus
15%
396 k Surgut
15%
13.7 k Hithadhoo
10%
327 k Jiuquan
10%
99.8 k Kalmunai
10%
426 k Kumul
10%
20.3 k Okha
10%
11.8 k Tiku Selatan
10%
341 k Wenchang
10%
75.1 k Yutian
10%
No matching quizzes found
Score Distribution
Percent of People with Each Score
Percentile by Number Answered
Your Score History
You have not taken this quiz since the last reset